=LDR 00000nam 2200000 4500 =001 INLIS000000000056709 =005 20200929091929 =035 ##$$a 0010-0920000340 =007 ta =008 200929################g##########0#ind## =082 ##$$a 306. 095 98 =084 ##$$a 306. 095 98 Ern k =245 ##$$a Kajian nilai budaya naskah kuno nazhan nasehat /$c Ernayanti, Sigit Widiyanto, Nurdin A.R. =250 ##$$a Cet 1 =300 ##$$a ix, 78 hlm ; $c 21 x 15 cm. =650 #4$$a Kebudayaan Indonesia =504 ##$$a Bibliografi : halaman 77 - 78 =264 ##$$a Jakarta :$b Depdikbud RI,$c 2019 =336 ##$$a teks$2 rdacontent =337 ##$$a lain-lain$2 rdamedia =338 ##$$a lain-lain$2 rdacarrier =700 #$$a Sigit Widiyanto =700 #$$a Nurdin A.R. =990 ##$$a 125.308/Hd-98 =990 ##$$a 125.309/Hd-98